<The> Outlook to End - 1995. Summary and Cross-Country Detail of the Projections Note by the Secretariat

Saved in:
Bibliographic Details
Format: Book
Language:English
Published: Paris OECD 1993
Edition:1. ed.
Subjects:
Tags: Add Tag
No Tags, Be the first to tag this record!

MARC

LEADER 00000nam a2200000 4500
001 c005384
005 20221214084037.7
041 0 |a eng 
044 |a FR 
245 1 0 |a <The> Outlook to End - 1995. Summary and Cross-Country Detail of the Projections  |b Note by the Secretariat 
250 |a 1. ed. 
264 1 |a Paris  |b OECD  |c 1993 
300 |a 83 s. 
610 2 0 |a OECD 
610 2 0 |a 1995 
610 2 0 |a údaje štatistické 
610 2 0 |a projekty